=LDR 00000nam 2200000 4500 =001 INLIS000000000047120 =005 20150813122305.0 =006 =007 =008 =035 ##$$0010-081500000000034 =082 ##$$a 001.642 =100 ##$$a Phil Cohen =245 ##$$a Apple dalam 3-Dimensi =260 ##$$a Jakarta $b Multi Media $c 1985 =300 ##$$a 137 hlm $c 21 cm =850 ##$$aNBPNMAT =990 ##$$a 2090101411/BPAP-NTB/2015